Les noces de Jeannette [ (Record no. 169016)

MARC details
000 -LEADER
campo de control de longitud fija 00899nam a22002415i 4500
001 - NÚMERO DE CONTROL
campo de control 169016
003 - IDENTIFICADOR DE NÚMERO DE CONTROL
campo de control ES-MaACL
005 - FECHA Y HORA DE LA ÚLTIMA TRANSACCIÓN
campo de control 20230906213949.0
008 - DATOS DE LONGITUD FIJA--INFORMACIÓN GENERAL
campo de control de longitud fija 080728q1860 fr |||| | fre d
080 ## - NÚMERO DE LA CLASIFICACIÓN DECIMAL UNIVERSAL
Número de la Clasificación Decimal Universal 782.089.6
100 1# - ENTRADA PRINCIPAL--NOMBRE DE PERSONA
Nombre de persona Massé, Victor.
9 (RLIN) 78805
245 14 - MENCIÓN DEL TÍTULO
Título Les noces de Jeannette [
Medio Música impresa]
Resto del título : opéra-comique en un acte /
Mención de responsabilidad, etc. musique de Victor Massé ; [paroles de J. Barbier et M. Carré].
260 ## - PUBLICACIÓN, DISTRIBUCIÓN, ETC.
Lugar de publicación, distribución, etc. Paris :
Nombre del editor, distribuidor, etc. J. Tallandier,
Fecha de publicación, distribución, etc. [ca. 1860]
300 ## - DESCRIPCIÓN FÍSICA
Extensión 1 partitura vocal (XII, 160 p.) :
Otras características físicas il. ;
Dimensiones 29 cm.
490 1# - MENCIÓN DE SERIE
Mención de serie Bibliothèque musicale illustrée.
650 #4 - PUNTO DE ACCESO ADICIONAL DE MATERIA--TÉRMINO DE MATERIA
Término de materia o nombre geográfico como elemento de entrada Óperas-
Subdivisión general Partituras vocales.
9 (RLIN) 137997
700 1# - ENTRADA AGREGADA--NOMBRE PERSONAL
Nombre de persona Carré, Michel.
9 (RLIN) 138040
700 1# - ENTRADA AGREGADA--NOMBRE PERSONAL
Nombre de persona Barbier, Jules.
9 (RLIN) 25457
830 1# - PUNTO DE ACCESO ADICIONAL DE SERIE-TÍTULO UNIFORME
Título uniforme Bibliothèque musicale illustrée.
9 (RLIN) 222778
852 4# - LOCALIZACIÓN
Ubicación ES-MaACL
Número de control de estantería L-29284
Nota libre - Biblioteca Jacinto Martínez Lacalle
942 ## - ELEMENTOS DE ENTRADA SECUNDARIOS (KOHA)
Fuente del sistema de clasificación o colocación Clasificación decimal universal
Holdings
Estatus retirado Estado de pérdida Fuente del sistema de clasificación o colocación Estado de daño No para préstamo Colección Biblioteca de origen Biblioteca actual Ubicación en estantería Fecha de adquisición Total de préstamos Signatura topográfica completa Código de barras Visto por última vez Precio de reemplazo Tipo de ítem Koha
    Clasificación decimal universal     Libros del s. XIX Biblioteca del Ateneo de Madrid Biblioteca del Ateneo de Madrid Depósito 2 28/07/2008   L-29284 1177391 23/02/2023 23/02/2023 Partitura